000 01114nam a2200325 a 4500
001 BRCA_4684
005 20190320204751.0
008 011010s1935----mx-a######---#000-0#spa-#
041 _aspa
044 _amx
050 4 _aF1203.5
_b.A53 1935
245 1 0 _aAnales del Museo Nacional de Arqueología, Historia y Etnografía
_bTomo II.
260 _aMéxico
_bTalleres Gráficos de la Nación
_c1935
300 _a581 p.
_bil.
_c27 cm.
440 0 _aPublicaciones del Museo Nacional de México
_pQuinta época
_911886
500 _aInventariado como libro por Banco de México
500 _aEstado físico: deteriorado y deshojado
500 _aLa biblioteca cuenta con el v.2
500 _aD57
610 2 4 _aMuseo Nacional de Arqueología Historia y Etnografía (Ciudad de México)
_911887
650 1 4 _aAztecas
_92396
650 1 4 _aTarahumaras
_98207
650 1 4 _aIndios de México
_911888
650 1 4 _aMayas
_xLeyendas
_911889
651 4 _aMéxico
_xHistoria
_9614
651 4 _aMéxico
_xAntigüedades
_92765
710 2 _aTalleres Gráficos de la Nación
_911890
902 _aGFM
942 _2lcc
_cB
999 _c4384
_d4384